Vincitori Bundesliga - Statistics

Statistiche generali
  • Questo quiz è stato fatto 506 volte
    269 dall'ultimo reset
  • Il punteggio medio è 77 su 113
Statistiche sulle risposte
Edizione Campioni % Corretto
1931-1932 | 1968-1969 | 1971-1972 | +31 others Bayern Monaco
99%
1955-1956 | 1956-1957 | 1962-1963 | +5 others Borussia Dortmund
97%
2023-2024 Bayer Leverkusen
95%
1922-1923 | 1927-1928 | 1959-1960 | +3 others Amburgo
84%
1949-1950 | 1951-1952 Stoccarda
79%
1983-1984 | 1991-1992 | 2006-2007 Stoccarda
78%
1964-1965 | 1987-1988 | 1992-1993 | 2003-2004 Werder Brema
70%
2008-2009 Wolfsburg
68%
1961-1962 | 1963-1964 | 1977-1978 Colonia
65%
1933-1934 | 1934-1935 | 1936-1937 | +4 others Schalke 04
65%
1969-1970 | 1970-1971 | 1974-1975 | +2 others Borussia Mönchengladbach
60%
1958-1959 Eintracht Francoforte
53%
1919-1920 | 1920-1921 | 1923-1924 | +6 others Norimberga
53%
1929-1930 | 1930-1931 Hertha Berlino
47%
1950-1951 | 1952-1953 | 1990-1991 | 1997-1998 Kaiserslautern
45%
1965-1966 Monaco 1860
42%
1932-1933 Fortuna Düsseldorf
37%
1937-1938 | 1953-1954 Hannover 96
29%
1940-1941 Rapid Vienna
28%
1911-1912 Holstein Kiel
26%
1966-1967 Eintracht Braunschweig
25%
1908-1909 Karlsruhe
23%
1942-1943 | 1943-1944 Dresdner SC
20%
1913-1914 | 1925-1926 | 1928-1929 Greuther Fürth
19%
1954-1955 Rot-Weiss Essen
19%
1902-1903 | 1905-1906 | 1912-1913 VfB Lipsia
19%
1907-1908 | 1910-1911 Viktoria Berlino
17%
1948-1949 VfR Mannheim
15%
1909-1910 Karlsruher FV
14%
1904-1905 Blau-Weiß Berlin
12%
1906-1907 Freiburger
12%
Nessun quiz corrispondente trovato
Distribuzione punteggi
Percentuale di utenti per punteggio
Percentile per numero di risposta
I tuoi punteggi nel tempo
Non hai fatto questo quiz dall'ultimo reset